[Event "9. Nordic Cup"]
[Site "Oslo "]
[Date "1983.10.??"]
[Round "7.6"]
[White "Thorsteins, Karl "]
[Black "Schandorff, Lars "]
[Result "1/2-1/2"]
[WhiteElo "2270"]
[BlackElo "2350"]
[PlyCount "110"]
[EventDate "1983.10.17"]
[EventCountry "NOR"]
[WhiteTeam "Island"]
[BlackTeam "Danmark"]
[WhiteTeamCountry "ISL"]
[BlackTeamCountry "DEN"]

1. e4 c5 2. Nf3 d6 3. d4 cxd4 4. Nxd4 Nf6 5. Nc3 a6 6. f4 g6 7. Be2 Bg7 8. O-O
O-O 9. Kh1 Nbd7 10. Be3 Qc7 11. Qe1 b5 12. a4 b4 13. Nd5 Nxd5 14. exd5 Nb6 15.
Bf3 Bb7 16. Qxb4 Nxd5 17. Bxd5 Bxd5 18. Qd2 Rfc8 19. f5 Qb7 20. b3 Be4 21. Rf2
Rc5 22. Raf1 Qd7 23. fxg6 fxg6 24. Bh6 Bf6 25. Qe3 Re5 26. Nf3 Bxf3 27. Qxf3
Rc8 28. Qd3 Qc6 29. c4 Qe4 30. Qxe4 Rxe4 31. h3 Rh4 32. Bf4 Rc6 33. Re2 g5 34.
Bc1 Rb6 35. Bb2 Bxb2 36. Rxb2 Rxc4 37. Re2 Rc7 38. Rf5 e5 39. Rxg5+ Rg7 40. Rf5
Rxb3 41. Rd2 Rg6 42. Rc2 Rb7 43. g4 Re7 44. Kg2 Kg7 45. Rc6 d5 46. Rc5 Rd6 47.
Kg3 Kg6 48. h4 d4 49. Rg5+ Kf7 50. Rf5+ Ke8 51. Rfxe5 Rxe5 52. Rxe5+ Kd7 53.
Kf2 d3 54. Ke1 Rd4 55. Rh5 Rxg4 1/2-1/2